[Event "Straume Bronstein Cup A"]
[Site "Straume"]
[Date "2019.10.27"]
[Round "4"]
[White "Gronnestad, Anita"]
[Black "Hoyforsslett, Gard Rye"]
[Result "1-0"]
[WhiteElo "1930"]
[BlackElo "1439"]
[PlyCount "125"]
[EventDate "2019.10.27"]
[EventType "swiss (rapid)"]
[EventRounds "6"]
[EventCountry "NOR"]
[SourceTitle "EXT 2024"]
[Source "ChessBase"]
[SourceDate "2023.10.10"]
[SourceVersion "1"]
[SourceVersionDate "2023.10.10"]
[SourceQuality "1"]

1. d4 d5 2. Bg5 h6 3. Bh4 Nf6 4. Bxf6 exf6 5. e3 Bf5 6. c4 c6 7. cxd5 Bb4+ 8. Nd2 Qxd5 9. a3 Bxd2+ 10. Qxd2 0-0 11. Nf3 Be4 12. Be2 c5 13. dxc5 Qxd2+ 14. Kxd2 Nc6 15. b4 Rac8 16. Rhd1 a5 17. b5 Ne5 18. Rac1 Rfd8+ 19. Ke1 Rxd1+ 20. Kxd1 Nd7 21. Nd2 Bd5 22. e4 Be6 23. c6 bxc6 24. bxc6 Ne5 25. c7 Ra8 26. Rb1 Nc6 27. Rb6 Bd7 28. Bb5 Rc8 29. Bxc6 Rxc7 30. Bxd7 Rxd7 31. Ra6 f5 32. Rxa5 fxe4 33. Ke2 Re7 34. Ke3 g6 35. g4 Kg7 36. a4 Rb7 37. Kxe4 Rb2 38. Ke3 Rb4 39. f3 g5 40. Ra8 Rb2 41. a5 Ra2 42. a6 Ra3+ 43. Kd4 Ra2 44. Kc3 Ra3+ 45. Nb3 Ra2 46. a7 Ra3 47. Kb4 Ra2 48. Na5 Rb2+ 49. Kc3 Ra2 50. Rg8+ Kxg8 51. a8Q+ Kg7 52. Qd5 Ra3+ 53. Nb3 h5 54. Qxg5+ Kf8 55. Qc5+ Kg7 56. Qxa3 hxg4 57. fxg4 Kg6 58. Qc5 f6 59. Kd4 f5 60. Qxf5+ Kh6 61. Ke5 Kg7 62. Qf6+ Kh7 63. Qg5 1-0

[Event "Bergen Sommer Super-NGP B"]
[Site "Bergen"]
[Date "2019.07.30"]
[Round "5"]
[White "Hoyforsslett, Gard Rye"]
[Black "Bjorkly, Sara Marie Skaug"]
[Result "1-0"]
[WhiteElo "1492"]
[BlackElo "1352"]
[PlyCount "117"]
[EventDate "2019.07.29"]
[EventType "swiss"]
[EventRounds "9"]
[EventCountry "NOR"]
[SourceTitle "EXT 2024"]
[Source "ChessBase"]
[SourceDate "2023.10.10"]
[SourceVersion "1"]
[SourceVersionDate "2023.10.10"]
[SourceQuality "1"]

1. e4 c5 2. d4 cxd4 3. c3 dxc3 4. Nxc3 Nc6 5. Nf3 e6 6. Bc4 d6 7. Bf4 Be7 8. 0-0 e5 9. Bg3 Nf6 10. Qe2 0-0 11. Rfd1 Bg4 12. Qe3 Bxf3 13. Qxf3 Nd4 14. Qd3 Rc8 15. b3 a6 16. a4 Qb6 17. Rab1 Qc5 18. Nd5 Nxd5 19. Bxd5 b5 20. Bb7 Rc7 21. Bxa6 bxa4 22. bxa4 Qa7 23. Bb5 Rfc8 24. Kf1 Rc3 25. Qd2 Rc2 26. Qe3 R8c3 27. Rd3 Qc5 28. Rxc3 Rxc3 29. Qe1 h6 30. f4 Nc2 31. Bf2 Ne3+ 32. Bxe3 Rxe3 33. Qf2 exf4 34. Qxf4 Bg5 35. Qf5 Qc2 36. Re1 Rxe1+ 37. Kxe1 Be3 38. g3 Qc3+ 39. Kf1 Qf6 40. Qxf6 gxf6 41. Ke2 Bc5 42. Kd3 Kg7 43. Kc4 Kg6 44. Bd7 f5 45. Bxf5+ Kf6 46. a5 Ke7 47. Kd5 Kd8 48. Kc6 h5 49. a6 Ke7 50. h3 Kf6 51. g4 h4 52. Kd5 Kg5 53. e5 dxe5 54. Kxc5 Kf4 55. a7 Kg3 56. a8Q Kxh3 57. Qf3+ Kh2 58. Be4 f5 59. Qg2# 1-0

[Event "Bergen Sommer Super-NGP B"]
[Site "Bergen"]
[Date "2019.07.30"]
[Round "4"]
[White "Nordgreen, Jan Thomas"]
[Black "Hoyforsslett, Gard Rye"]
[Result "1-0"]
[WhiteElo "1486"]
[BlackElo "1492"]
[PlyCount "95"]
[EventDate "2019.07.29"]
[EventType "swiss"]
[EventRounds "9"]
[EventCountry "NOR"]
[SourceTitle "EXT 2024"]
[Source "ChessBase"]
[SourceDate "2023.10.10"]
[SourceVersion "1"]
[SourceVersionDate "2023.10.10"]
[SourceQuality "1"]

1. d4 d5 2. c4 c6 3. Nc3 Nf6 4. Nf3 a6 5. Bg5 h6 6. Bh4 Bf5 7. e3 e6 8. Be2 Bd6 9. Bxf6 Qxf6 10. 0-0 Nd7 11. h3 h5 12. Bd3 g5 13. Bxf5 Qxf5 14. cxd5 cxd5 15. Qd2 h4 16. Rfe1 g4 17. e4 dxe4 18. Nxe4 Bf4 19. Qc2 gxf3 20. Nd6+ Bxd6 21. Qxf5 fxg2 22. Kxg2 Rf8 23. d5 0-0-0 24. dxe6 fxe6 25. Rac1+ Kb8 26. Qxe6 Nc5 27. Qc4 Nd3 28. Qxd3 Bc5 29. Qxd8+ Rxd8 30. Rxc5 Rd2 31. Rb1 b6 32. Rc4 b5 33. Rxh4 a5 34. Rh5 Kc7 35. Rxb5 a4 36. Rb4 a3 37. bxa3 Rxa2 38. a4 Kc6 39. h4 Kc5 40. a5 Rxa5 41. Rb5+ Kd4 42. Rxa5 Ke4 43. Rb4+ Kd3 44. Ra3+ Kc2 45. Kf3 Kd2 46. Rb2+ Kc1 47. Re2 Kb1 48. h5 1-0

[Event "Liljevatnet BGP U14"]
[Site "Liljevatnet"]
[Date "2016.09.23"]
[Round "1"]
[White "Hoyforsslett, Gard Rye"]
[Black "Brattetveit, Olav"]
[Result "0-1"]
[WhiteElo "780"]
[BlackElo "1085"]
[PlyCount "120"]
[EventDate "2016.09.23"]
[EventType "swiss"]
[EventRounds "5"]
[EventCountry "NOR"]
[SourceTitle "EXT 2024"]
[Source "ChessBase"]
[SourceDate "2023.10.10"]
[SourceVersion "1"]
[SourceVersionDate "2023.10.10"]
[SourceQuality "1"]

1. e4 c5 2. Nf3 Nc6 3. d4 cxd4 4. Nxd4 Nf6 5. Nc3 d6 6. Bb5 Bd7 7. Be3 g6 8. f3 Bg7 9. Qd2 0-0 10. 0-0-0 a6 11. Bxc6 bxc6 12. Bh6 Rb8 13. Nb3 c5 14. Bxg7 Kxg7 15. Nd5 Nxd5 16. Qxd5 Qb6 17. e5 Be6 18. Qd2 c4 19. Qa5 cxb3 20. Qxb6 Rxb6 21. axb3 Rc8 22. exd6 Rxd6 23. Rxd6 exd6 24. Kd2 Bf5 25. c3 Rb8 26. b4 a5 27. g4 Be6 28. bxa5 Rxb2+ 29. Kd3 Ra2 30. c4 Rxa5 31. Kd4 Ra4 32. Rc1 d5 33. Kd3 Rxc4 34. Re1 Ra4 35. h3 Ra3+ 36. Ke2 Ra2+ 37. Kf1 Kf6 38. f4 Ra4 39. Kg2 Rxf4 40. Kg3 Rc4 41. Re3 Kg5 42. Re5+ Kf6 43. Re3 Re4 44. Rxe4 dxe4 45. Kf4 h5 46. g5+ Ke7 47. h4 Bf5 48. Ke3 Ke6 49. Kf4 Kd5 50. Ke3 Ke5 51. Kf2 Kf4 52. Kg2 Ke3 53. Kg3 Kd2 54. Kf4 e3 55. Kf3 e2 56. Kg2 e1Q 57. Kf3 Qe3+ 58. Kg2 Ke2 59. Kh1 Kf1 60. Kh2 Qh3# 0-1